000 00865nam a2200301Ia 4500
008 170203s9999 xx 000 0 und d
020 _a9780545307420
050 _aFic
050 _bS857t
100 _aStilton, Geronimo.
245 4 _aThe thirteen ghosts /
245 _cGeronimo Stilton ; [translated by Emily Clement].
260 _aNew York :
260 _bScholastic Inc.,
260 _c2011
300 _a111 pages :
300 _bcolor illustrations ;
300 _c20 cm.
440 _aCreepella von Cacklefur ;
440 _vbk .1.
500 _aOriginally published: Milan, Italy : Atlantyca S.p.A, c2010.
650 _aComic books, strips, etc.
650 _aMice --
650 _aStilton, Geronimo (Fictitious character) --
650 _xJuvenile fiction.
650 _xJuvenile fiction.
700 _aClement, Emily.
999 _c306250
_d306250